000 01892cam a22004814i 4500
003 PE-LiUPU
005 20250731173547.0
008 150616s1973 miu r 000 0 eng d
035 _a(Sirsi) a9406
040 _aPE-LiUPU
_bspa
_cPE-LiUPU
_erda
049 _aPRUA
082 0 4 _a220.93
_bK57
_221
100 1 _aKubo, Sakae,
_eautor.
245 1 2 _aA Reader's Greek-English Lexicon of the New Testament /
_cSakae Kubo.
264 1 _aMichigan :
_bAndrews University Press,
_c1973.
300 _a284 páginas ;
_c24 centímetros.
336 _atext
_2rdacontent
337 _aunmediated
_2rdamedia
338 _avolume
_2rdacarrier
490 0 _aAndrews University Monographs ;
_v4
505 0 _aGospel of Matthew.- Gospel of Mark.- Gospel of Luke.- Gospel of John.- Acts of the apostles.- Epistle to the romans.- First epistle to the corinthians.- Second epistle to the corinthians.- Epistle to the galatians.- Etc...
526 _aSEG42
526 _aSEG41
526 _aSEG40
526 _aSEG39
526 _aP94
526 _aP87
526 _aP86
526 _aP85
526 _aP77
526 _aP76
526 _aP35
630 _aBiblia.
_pN.T.
_pLucas
_vDiccionarios.
910 _ajck
942 _2ddc
_cBOOK
949 _a220.93 K57
_wDEWEY
_c1
_i42889
_lCCODEBUL1
_mBUL
_p00.00
_r0
_sY
_tBOOK
_u19970610
_xTEOLOGIA
_zUNKNOWN
_0COMPRA
_o.STAFF. Colección General
949 _a220.93 K57
_wDEWEY
_c2
_i26234
_lCCODEBUL1
_mBUL
_p00.00
_r0
_sY
_tBOOK
_u2015-04-23
_xBIBLIOTECA
_zUNKNOWN
_0COMPRA
_o.STAFF. Colección General
949 _a220.93 K57
_wDEWEY
_c3
_i26172
_lCCODEBUL1
_mBUL
_p00.00
_r0
_sY
_tBOOK
_u2015-04-23
_xBIBLIOTECA
_zUNKNOWN
_0COMPRA
_o.STAFF. Colección General
999 _c60855
_d60855
980 _81
_gALBERTO SANCHEZ Responsable de Automatización